[Event "DEM U10 2021"]
[Site "Willingen GER"]
[Date "2021.08.28"]
[Round "10"]
[White "Stichter, Constantin"]
[Black "Fadeev, Justin Michael"]
[Result "1-0"]
[Termination "normal"]
[Board "6"]
[WhiteElo "1444"]
[BlackElo "1323"]
[WhiteClock "00:26:50"]
[BlackClock "00:12:47"]
[PlyCount "91"]
[WhiteFideId "34603140"]
[BlackFideId "34602968"]
[EventCountry "GER"]
[EventRounds "11"]
[EventType "swiss"]
[EventDate "2021.08.22"]

1. e4 {[%clk 01:15:57]} {[%emt 00:00:02]} c5 {[%clk 01:15:52]} {[%emt
00:00:09]} 2. d4 {[%clk 01:16:19]} {[%emt 00:00:08]} cxd4 {[%clk 01:16:15]}
{[%emt 00:00:07]} 3. c3 {[%clk 01:16:43]} {[%emt 00:00:06]} dxc3 {[%clk
01:16:11]} {[%emt 00:00:34]} 4. Nxc3 {[%emt 00:00:11]} Nc6 {[%clk 01:16:01]}
{[%emt 00:00:37]} 5. Nf3 {[%clk 01:17:31]} {[%emt 00:00:04]} d6 {[%clk
01:16:09]} {[%emt 00:00:23]} 6. Bc4 {[%clk 01:17:55]} {[%emt 00:00:05]} a6
{[%clk 01:16:00]} {[%emt 00:00:39]} 7. O-O {[%clk 01:18:09]} {[%emt 00:00:16]}
Nf6 {[%clk 01:15:59]} {[%emt 00:00:32]} 8. Qe2 {[%clk 01:17:33]} {[%emt
00:01:06]} Bg4 {[%clk 01:15:36]} {[%emt 00:00:51]} 9. h3 {[%clk 01:16:30]}
{[%emt 00:01:34]} Bxf3 {[%clk 01:15:48]} {[%emt 00:00:19]} 10. gxf3 {[%clk
01:16:11]} {[%emt 00:00:49]} e6 {[%clk 01:15:33]} {[%emt 00:00:44]} 11. Rd1
{[%clk 01:16:11]} {[%emt 00:00:30]} Be7 {[%clk 01:14:36]} {[%emt 00:01:27]} 12.
f4 {[%clk 01:15:41]} {[%emt 00:01:00]} Qb8 {[%clk 01:14:38]} {[%emt 00:00:28]}
13. f3 {[%clk 01:14:53]} {[%emt 00:01:18]} O-O {[%clk 01:11:45]} {[%emt
00:03:23]} 14. Be3 {[%clk 01:14:39]} {[%emt 00:00:44]} Rc8 {[%clk 01:08:08]}
{[%emt 00:04:06]} 15. Bb3 {[%clk 01:12:50]} {[%emt 00:02:21]} b5 {[%clk
01:07:29]} {[%emt 00:01:08]} 16. Qg2 {[%clk 01:12:02]} {[%emt 00:01:17]} Kh8
{[%clk 01:04:49]} {[%emt 00:03:09]} 17. Kh1 {[%clk 01:09:04]} {[%emt 00:03:30]}
a5 {[%clk 01:01:51]} {[%emt 00:03:27]} 18. Rg1 {[%clk 01:08:36]} {[%emt
00:00:59]} Rg8 {[%clk 00:59:53]} {[%emt 00:02:27]} 19. f5 {[%clk 01:03:11]}
{[%emt 00:05:57]} Nd8 {[%clk 00:48:58]} {[%emt 00:11:22]} 20. fxe6 {[%clk
00:53:55]} {[%emt 00:09:48]} fxe6 {[%clk 00:47:19]} {[%emt 00:02:10]} 21. f4
{[%clk 00:53:47]} {[%emt 00:00:38]} a4 {[%clk 00:43:29]} {[%emt 00:04:20]} 22.
Bc2 {[%clk 00:53:54]} {[%emt 00:00:22]} Qb7 {[%clk 00:38:10]} {[%emt 00:05:49]}
23. Kh2 {[%clk 00:52:03]} {[%emt 00:02:21]} Rc8 {[%clk 00:35:30]} {[%emt
00:03:10]} 24. Bd3 {[%clk 00:48:49]} {[%emt 00:03:44]} Nd7 {[%clk 00:20:20]}
{[%emt 00:15:37]} 25. Nxb5 {[%clk 00:39:33]} {[%emt 00:09:48]} Nc5 {[%clk
00:14:59]} {[%emt 00:05:51]} 26. Bxc5 {[%clk 00:37:22]} {[%emt 00:02:41]} Rxc5
{[%clk 00:13:27]} {[%emt 00:02:02]} 27. Nc3 {[%clk 00:37:06]} {[%emt 00:00:46]}
a3 {[%clk 00:12:38]} {[%emt 00:01:18]} 28. Rab1 {[%clk 00:36:26]} {[%emt
00:01:11]} Qa8 {[%clk 00:11:27]} {[%emt 00:01:37]} 29. Ne2 {[%clk 00:34:06]}
{[%emt 00:02:52]} Bf6 {[%clk 00:10:28]} {[%emt 00:01:32]} 30. b4 {[%clk
00:33:59]} {[%emt 00:00:36]} Rc7 {[%clk 00:10:14]} {[%emt 00:00:42]} 31. b5
{[%clk 00:31:44]} {[%emt 00:02:49]} Bb2 {[%clk 00:09:11]} {[%emt 00:01:31]} 32.
Qf2 {[%clk 00:30:40]} {[%emt 00:01:33]} Qb8 {[%clk 00:08:09]} {[%emt 00:01:33]}
33. e5 {[%clk 00:30:10]} {[%emt 00:01:01]} dxe5 {[%clk 00:03:37]} {[%emt
00:05:01]} 34. Bxh7 {[%clk 00:30:10]} {[%emt 00:00:30]} Rf8 {[%clk 00:03:14]}
{[%emt 00:00:54]} 35. Bd3 {[%clk 00:28:21]} {[%emt 00:02:18]} Nf7 {[%clk
00:02:56]} {[%emt 00:00:49]} 36. Rg6 {[%clk 00:27:40]} {[%emt 00:01:09]} exf4
{[%clk 00:02:42]} {[%emt 00:00:45]} 37. Qh4+ {[%clk 00:26:36]} {[%emt
00:01:32]} Nh6 {[%clk 00:02:28]} {[%emt 00:00:48]} 38. Rbg1 {[%clk 00:26:35]}
{[%emt 00:00:29]} f3 {[%clk 00:02:15]} {[%emt 00:00:44]} 39. Nf4 {[%clk
00:26:16]} {[%emt 00:00:48]} Rxf4 {[%clk 00:01:35]} {[%emt 00:01:11]} 40. Qxh6+
{[%clk 00:26:15]} {[%emt 00:00:31]} Kg8 {[%clk 00:01:13]} {[%emt 00:00:51]} 41.
Rxe6 {[%clk 00:20:59]} {[%emt 00:05:45]} Rc2+ {[%clk 00:13:28]} {[%emt
00:03:17]} 42. Kh1 {[%clk 00:25:35]} {[%emt 00:10:54]} Rh2+ {[%clk 00:13:31]}
{[%emt 00:00:27]} 43. Kxh2 {[%clk 00:25:52]} {[%emt 00:00:11]} Rh4+ {[%clk
00:13:49]} {[%emt 00:00:13]} 44. Kh1 {[%clk 00:26:12]} {[%emt 00:00:10]} Rxh6
{[%clk 00:14:09]} {[%emt 00:00:10]} 45. Rxh6 {[%clk 00:26:36]} {[%emt
00:00:07]} f2 {[%clk 00:12:47]} {[%emt 00:01:52]} 46. Bc4+ {[%clk 00:26:50]}
{[%emt 00:00:16]} 1-0

[Event "DEM U10 2021"]
[Site "Willingen GER"]
[Date "2021.08.28"]
[Round "10"]
[White "Chua, Daniel James"]
[Black "Rohatgi, Kushagra"]
[Result "1-0"]
[Termination "normal"]
[Board "7"]
[WhiteElo "1434"]
[BlackElo "1473"]
[WhiteClock "00:09:50"]
[BlackClock "00:58:40"]
[PlyCount "121"]
[WhiteFideId "34608354"]
[BlackFideId "34603212"]
[EventCountry "GER"]
[EventRounds "11"]
[EventType "swiss"]
[EventDate "2021.08.22"]

1. e4 {[%clk 01:15:59]} e5 {[%clk 01:15:57]} {[%emt 00:00:04]} 2. Nf3 {[%clk
01:16:22]} {[%emt 00:00:06]} Nc6 {[%clk 01:16:20]} {[%emt 00:00:08]} 3. Bc4
{[%clk 01:16:47]} {[%emt 00:00:04]} Bc5 {[%clk 01:16:43]} {[%emt 00:00:07]} 4.
c3 {[%clk 01:17:08]} {[%emt 00:00:09]} Nf6 {[%clk 01:17:06]} {[%emt 00:00:06]}
5. d4 {[%clk 01:17:30]} {[%emt 00:00:10]} exd4 {[%clk 01:17:21]} {[%emt
00:00:14]} 6. cxd4 {[%clk 01:17:27]} {[%emt 00:00:33]} Bb4+ {[%clk 01:17:39]}
{[%emt 00:00:13]} 7. Bd2 {[%clk 01:17:14]} {[%emt 00:00:43]} Bxd2+ {[%clk
01:17:42]} {[%emt 00:00:25]} 8. Nbxd2 {[%clk 01:17:32]} {[%emt 00:00:13]} d5
{[%clk 01:17:47]} {[%emt 00:00:26]} 9. exd5 {[%clk 01:17:39]} {[%emt 00:00:22]}
Nxd5 {[%clk 01:17:48]} {[%emt 00:00:26]} 10. O-O {[%clk 01:17:55]} {[%emt
00:00:14]} O-O {[%clk 01:17:59]} {[%emt 00:00:20]} 11. Re1 {[%clk 01:17:38]}
{[%emt 00:00:48]} h6 {[%clk 01:18:03]} {[%emt 00:00:27]} 12. Ne4 {[%clk
01:17:40]} {[%emt 00:00:27]} b6 {[%clk 01:16:49]} {[%emt 00:01:44]} 13. Bb3
{[%clk 01:01:32]} {[%emt 00:16:38]} Bb7 {[%clk 01:15:44]} {[%emt 00:01:37]} 14.
a3 {[%clk 00:59:40]} {[%emt 00:02:21]} Nce7 {[%clk 01:15:07]} {[%emt 00:01:06]}
15. Bc2 {[%clk 00:59:08]} {[%emt 00:01:02]} Ng6 {[%clk 01:12:25]} {[%emt
00:03:11]} 16. Ne5 {[%clk 00:54:19]} {[%emt 00:05:18]} Nxe5 {[%clk 01:12:13]}
{[%emt 00:00:43]} 17. dxe5 {[%clk 00:51:21]} {[%emt 00:03:28]} Re8 {[%clk
01:11:52]} {[%emt 00:00:51]} 18. Qh5 {[%clk 00:49:03]} {[%emt 00:02:50]} Nf4
{[%clk 01:11:41]} {[%emt 00:00:41]} 19. Qg4 {[%clk 00:48:54]} {[%emt 00:00:38]}
Ng6 {[%clk 01:11:39]} {[%emt 00:00:33]} 20. f4 {[%clk 00:45:23]} {[%emt
00:04:01]} Qd4+ {[%clk 01:11:41]} {[%emt 00:00:28]} 21. Kh1 {[%clk 00:45:19]}
{[%emt 00:00:32]} Qxb2 {[%clk 01:11:47]} {[%emt 00:00:25]} 22. Rac1 {[%clk
00:45:12]} {[%emt 00:00:36]} Qxa3 {[%clk 01:11:40]} {[%emt 00:00:39]} 23. h4
{[%clk 00:44:19]} {[%emt 00:01:22]} Qe7 {[%clk 01:10:49]} {[%emt 00:01:22]} 24.
h5 {[%clk 00:44:27]} {[%emt 00:00:21]} Qh4+ {[%clk 01:10:24]} {[%emt 00:00:56]}
25. Qxh4 {[%clk 00:44:37]} {[%emt 00:00:19]} Nxh4 {[%clk 01:10:46]} {[%emt
00:00:08]} 26. g3 {[%clk 00:44:29]} {[%emt 00:00:38]} Nf5 {[%clk 01:10:26]}
{[%emt 00:00:52]} 27. Kh2 {[%clk 00:44:05]} {[%emt 00:00:52]} Nd4 {[%clk
01:10:40]} {[%emt 00:00:17]} 28. Bd1 {[%clk 00:44:22]} {[%emt 00:00:12]} Bxe4
{[%clk 01:10:09]} {[%emt 00:01:01]} 29. Rxe4 {[%clk 00:44:45]} {[%emt
00:00:08]} c5 {[%clk 01:10:26]} {[%emt 00:00:13]} 30. Ba4 {[%clk 00:44:31]}
{[%emt 00:00:37]} b5 {[%clk 01:10:25]} {[%emt 00:00:38]} 31. Rxc5 {[%clk
00:44:23]} {[%emt 00:00:38]} Nf3+ {[%clk 01:09:32]} {[%emt 00:01:23]} 32. Kg2
{[%clk 00:44:41]} {[%emt 00:00:11]} bxa4 {[%clk 01:09:26]} {[%emt 00:00:38]}
33. Kxf3 {[%clk 00:45:00]} {[%emt 00:00:10]} Reb8 {[%clk 01:09:22]} {[%emt
00:00:33]} 34. Rxa4 {[%clk 00:45:20]} {[%emt 00:00:11]} Rb3+ {[%clk 01:09:41]}
{[%emt 00:00:11]} 35. Kg4 {[%clk 00:44:46]} {[%emt 00:00:47]} Rb7 {[%clk
01:09:41]} {[%emt 00:00:46]} 36. Kf5 {[%clk 00:45:01]} {[%emt 00:00:14]} Kf8
{[%clk 01:08:42]} {[%emt 00:01:30]} 37. Ke4 {[%clk 00:43:47]} {[%emt 00:01:45]}
Ke7 {[%clk 01:08:11]} {[%emt 00:01:02]} 38. Kd5 {[%clk 00:40:22]} {[%emt
00:03:54]} Kd7 {[%clk 01:08:21]} {[%emt 00:00:20]} 39. f5 {[%clk 00:39:25]}
{[%emt 00:01:26]} Rb6 {[%clk 01:07:40]} {[%emt 00:01:13]} 40. Re4 {[%clk
00:38:23]} {[%emt 00:01:30]} Rd8 {[%clk 01:07:46]} {[%emt 00:00:25]} 41. Kc4
{[%clk 00:34:47]} {[%emt 00:04:05]} Ke7 {[%clk 01:06:17]} {[%emt 00:01:59]} 42.
Re3 {[%clk 00:27:20]} {[%emt 00:07:58]} Kd7 {[%clk 01:04:32]} {[%emt 00:02:14]}
43. Ra3 {[%clk 00:27:19]} {[%emt 00:00:31]} Ra8 {[%clk 01:04:10]} {[%emt
00:00:51]} 44. Raa5 {[%clk 00:24:50]} {[%emt 00:03:00]} Rb2 {[%clk 01:02:47]}
{[%emt 00:01:41]} 45. Rd5+ {[%clk 00:25:05]} {[%emt 00:00:28]} Ke7 {[%clk
01:02:52]} {[%emt 00:00:25]} 46. Kc3 {[%clk 00:24:26]} {[%emt 00:01:09]} Rg2
{[%clk 01:00:24]} {[%emt 00:02:56]} 47. Rd3 {[%clk 00:23:50]} {[%emt 00:01:09]}
Rc8+ {[%clk 01:00:34]} {[%emt 00:00:20]} 48. Kb4 {[%clk 00:20:09]} {[%emt
00:04:09]} Rb8+ {[%clk 01:00:14]} {[%emt 00:00:52]} 49. Ka3 {[%clk 00:19:59]}
{[%emt 00:00:38]} Rb7 {[%clk 01:00:16]} {[%emt 00:00:29]} 50. Ra6 {[%clk
00:19:35]} {[%emt 00:00:53]} Rg1 {[%clk 01:00:16]} {[%emt 00:00:31]} 51. f6+
{[%clk 00:15:11]} {[%emt 00:04:55]} gxf6 {[%clk 01:00:24]} {[%emt 00:00:21]}
52. exf6+ {[%clk 00:15:31]} {[%emt 00:00:10]} Ke8 {[%clk 01:00:08]} {[%emt
00:00:46]} 53. Ka2 {[%clk 00:13:18]} {[%emt 00:02:43]} Rbb1 {[%clk 00:59:42]}
{[%emt 00:00:55]} 54. Rad6 {[%clk 00:09:37]} {[%emt 00:04:12]} Ra1+ {[%clk
00:59:44]} {[%emt 00:00:17]} 55. Kb3 {[%clk 00:09:56]} {[%emt 00:00:22]} Rgb1+
{[%clk 00:59:53]} {[%emt 00:00:21]} 56. Kc4 {[%clk 00:10:04]} {[%emt 00:00:22]}
Rc1+ {[%emt 00:00:39]} 57. Kb5 {[%clk 00:09:42]} {[%emt 00:00:05]} Rcb1+ {[%clk
01:00:03]} {[%emt 00:00:58]} 58. Kc6 {[%clk 00:09:44]} {[%emt 00:00:28]} Rc1+
{[%clk 01:00:21]} {[%emt 00:00:13]} 59. Kb7 {[%clk 00:09:41]} {[%emt 00:00:32]}
Rcb1+ {[%clk 01:00:31]} {[%emt 00:00:19]} 60. Ka8 {[%clk 00:09:53]} {[%emt
00:00:18]} Rc1 {[%clk 00:58:40]} {[%emt 00:02:22]} 61. Rd8 {[%clk 00:09:50]}
{[%emt 00:00:33]} 1-0

[Event "DEM U10 2021"]
[Site "Willingen GER"]
[Date "2021.08.28"]
[Round "10"]
[White "Rodriguez Klasen, Ennio"]
[Black "Merenda, Lukas-Benedikt"]
[Result "0-1"]
[Termination "normal"]
[Board "8"]
[WhiteElo "1341"]
[BlackElo "1222"]
[WhiteClock "00:09:01"]
[BlackClock "00:59:18"]
[PlyCount "132"]
[WhiteFideId "16277414"]
[BlackFideId "34603336"]
[EventCountry "GER"]
[EventRounds "11"]
[EventType "swiss"]
[EventDate "2021.08.22"]

1. e4 {[%clk 01:15:57]} {[%emt 00:00:02]} e5 {[%clk 01:15:54]} {[%emt
00:00:06]} 2. Nf3 {[%clk 01:16:20]} {[%emt 00:00:07]} Nc6 {[%clk 01:16:21]}
{[%emt 00:00:05]} 3. Bc4 {[%clk 01:16:37]} {[%emt 00:00:12]} Bc5 {[%clk
01:16:44]} {[%emt 00:00:06]} 4. b4 {[%clk 01:17:02]} {[%emt 00:00:06]} Bxb4
{[%clk 01:17:03]} {[%emt 00:00:12]} 5. c3 {[%clk 01:17:25]} {[%emt 00:00:06]}
Ba5 {[%clk 01:17:29]} {[%emt 00:00:04]} 6. O-O {[%clk 01:11:42]} {[%emt
00:06:12]} d6 {[%clk 01:12:53]} {[%emt 00:05:06]} 7. d4 {[%clk 01:11:31]}
{[%emt 00:00:40]} Bb6 {[%clk 01:10:26]} {[%emt 00:02:59]} 8. dxe5 {[%clk
01:09:03]} {[%emt 00:02:58]} Bg4 {[%clk 01:10:22]} {[%emt 00:00:34]} 9. Bxf7+
{[%clk 01:08:22]} {[%emt 00:01:10]} Kxf7 {[%clk 01:09:40]} {[%emt 00:01:12]}
10. Ng5+ {[%clk 01:08:03]} {[%emt 00:00:50]} Qxg5 {[%clk 01:07:31]} {[%emt
00:02:38]} 11. Qb3+ {[%clk 00:52:46]} {[%emt 00:15:48]} Be6 {[%clk 01:07:34]}
{[%emt 00:00:27]} 12. Qxe6+ {[%clk 00:51:55]} {[%emt 00:01:20]} Kxe6 {[%clk
01:07:45]} {[%emt 00:00:20]} 13. Bxg5 {[%clk 00:52:17]} {[%emt 00:00:07]} Nxe5
{[%clk 01:07:21]} {[%emt 00:00:55]} 14. Nd2 {[%clk 00:52:15]} {[%emt 00:00:30]}
Re8 {[%clk 01:03:32]} {[%emt 00:04:21]} 15. Nb3 {[%clk 00:51:55]} {[%emt
00:00:50]} c5 {[%clk 01:02:13]} {[%emt 00:01:49]} 16. Rad1 {[%clk 00:49:55]}
{[%emt 00:02:29]} c4 {[%clk 00:57:50]} {[%emt 00:04:53]} 17. Nd4+ {[%clk
00:47:59]} {[%emt 00:02:26]} Bxd4 {[%clk 00:56:52]} {[%emt 00:01:28]} 18. Rxd4
{[%clk 00:48:17]} {[%emt 00:00:12]} b5 {[%clk 00:57:10]} {[%emt 00:00:12]} 19.
f4 {[%clk 00:42:03]} {[%emt 00:06:45]} Nd3 {[%clk 00:53:00]} {[%emt 00:04:41]}
20. Rb1 {[%clk 00:27:42]} {[%emt 00:14:50]} a6 {[%clk 00:51:00]} {[%emt
00:02:29]} 21. a4 {[%clk 00:24:18]} {[%emt 00:03:55]} Ra8 {[%clk 00:51:18]}
{[%emt 00:00:11]} 22. h3 {[%clk 00:19:00]} {[%emt 00:05:48]} Rb8 {[%clk
00:49:17]} {[%emt 00:02:31]} 23. Rxc4 {[%clk 00:17:31]} {[%emt 00:02:00]} Nf6
{[%clk 00:47:17]} {[%emt 00:02:30]} 24. axb5 {[%clk 00:17:03]} {[%emt
00:00:58]} axb5 {[%clk 00:46:45]} {[%emt 00:01:01]} 25. Rd4 {[%clk 00:16:12]}
{[%emt 00:01:21]} Nc5 {[%clk 00:44:26]} {[%emt 00:02:49]} 26. Bxf6 {[%clk
00:12:02]} {[%emt 00:04:41]} gxf6 {[%clk 00:42:52]} {[%emt 00:02:03]} 27. Rdb4
{[%clk 00:04:24]} {[%emt 00:08:09]} Nd3 {[%clk 00:41:59]} {[%emt 00:01:23]} 28.
Rxb5 {[%clk 00:04:37]} {[%emt 00:00:17]} Rxb5 {[%clk 00:42:23]} {[%emt
00:00:06]} 29. Rxb5 {[%clk 00:05:00]} {[%emt 00:00:07]} Nxf4 {[%clk 00:42:39]}
{[%emt 00:00:14]} 30. Rb2 {[%clk 00:04:21]} {[%emt 00:01:08]} Rg8 {[%clk
00:42:35]} {[%emt 00:00:34]} 31. Kh2 {[%clk 00:03:50]} {[%emt 00:01:01]} Ke5
{[%clk 00:42:26]} {[%emt 00:00:40]} 32. g3 {[%clk 00:02:15]} {[%emt 00:02:04]}
Ne6 {[%clk 00:41:09]} {[%emt 00:01:48]} 33. Rd2 {[%clk 00:02:00]} {[%emt
00:00:45]} Nc5 {[%clk 00:41:20]} {[%emt 00:00:20]} 34. Rd5+ {[%clk 00:01:43]}
{[%emt 00:00:46]} Ke6 {[%clk 00:41:12]} {[%emt 00:00:37]} 35. Rd4 {[%clk
00:01:35]} {[%emt 00:00:38]} Rb8 {[%clk 00:41:32]} {[%emt 00:00:11]} 36. Rb4
{[%clk 00:00:46]} {[%emt 00:01:20]} Rxb4 {[%clk 00:41:42]} {[%emt 00:00:19]}
37. cxb4 {[%clk 00:01:12]} {[%emt 00:00:04]} Nxe4 {[%clk 00:41:56]} {[%emt
00:00:15]} 38. Kg2 {[%clk 00:01:12]} {[%emt 00:00:30]} Kd5 {[%clk 00:42:21]}
{[%emt 00:00:06]} 39. Kf3 {[%clk 00:01:20]} {[%emt 00:00:21]} Ng5+ {[%clk
00:42:03]} {[%emt 00:00:49]} 40. Kg4 {[%clk 00:01:03]} {[%emt 00:00:47]} Kc4
{[%clk 00:42:29]} {[%emt 00:00:04]} 41. h4 {[%clk 00:00:59]} {[%emt 00:00:34]}
Ne4 {[%clk 00:42:54]} {[%emt 00:00:05]} 42. Kf4 {[%clk 00:15:05]} {[%emt
00:01:23]} d5 {[%clk 00:58:10]} {[%emt 00:00:15]} 43. Ke3 {[%clk 00:07:51]}
{[%emt 00:07:44]} Kxb4 {[%clk 00:58:33]} {[%emt 00:00:07]} 44. Kd4 {[%clk
00:08:11]} {[%emt 00:00:09]} Nxg3 {[%clk 00:57:04]} {[%emt 00:02:00]} 45. Kxd5
{[%clk 00:08:26]} {[%emt 00:00:14]} Kc3 {[%clk 00:57:28]} {[%emt 00:00:07]} 46.
Ke6 {[%clk 00:08:13]} {[%emt 00:00:42]} f5 {[%clk 00:56:59]} {[%emt 00:01:00]}
47. Ke5 {[%clk 00:08:36]} {[%emt 00:00:06]} Kd3 {[%clk 00:57:11]} {[%emt
00:00:19]} 48. Kf4 {[%clk 00:08:42]} {[%emt 00:00:24]} h6 {[%clk 00:54:02]}
{[%emt 00:03:39]} 49. Kf3 {[%clk 00:04:54]} {[%emt 00:04:17]} Ne2 {[%clk
00:53:51]} {[%emt 00:00:41]} 50. Kf2 {[%clk 00:04:36]} {[%emt 00:00:48]} Nd4
{[%clk 00:53:55]} {[%emt 00:00:26]} 51. h5 {[%clk 00:04:31]} {[%emt 00:00:35]}
f4 {[%clk 00:53:48]} {[%emt 00:00:37]} 52. Kf1 {[%clk 00:04:51]} {[%emt
00:00:10]} Ke3 {[%clk 00:54:13]} {[%emt 00:00:06]} 53. Ke1 {[%clk 00:05:10]}
{[%emt 00:00:10]} f3 {[%clk 00:54:33]} {[%emt 00:00:10]} 54. Kd1 {[%clk
00:05:03]} {[%emt 00:00:37]} f2 {[%clk 00:54:58]} {[%emt 00:00:05]} 55. Kc1
{[%clk 00:05:29]} {[%emt 00:00:04]} f1=Q+ {[%clk 00:55:20]} {[%emt 00:00:09]}
56. Kb2 {[%clk 00:05:51]} {[%emt 00:00:08]} Qd1 {[%clk 00:55:33]} {[%emt
00:00:15]} 57. Kc3 {[%clk 00:06:14]} {[%emt 00:00:08]} Qc2+ {[%clk 00:55:56]}
{[%emt 00:00:07]} 58. Kb4 {[%clk 00:06:35]} {[%emt 00:00:10]} Nc6+ {[%clk
00:56:18]} {[%emt 00:00:07]} 59. Kb5 {[%clk 00:06:45]} {[%emt 00:00:21]} Kd4
{[%clk 00:56:36]} {[%emt 00:00:11]} 60. Kb6 {[%clk 00:06:57]} {[%emt 00:00:19]}
Nb8 {[%clk 00:56:55]} {[%emt 00:00:11]} 61. Kb5 {[%clk 00:07:18]} {[%emt
00:00:09]} Qc5+ {[%clk 00:57:14]} {[%emt 00:00:11]} 62. Ka4 {[%clk 00:07:41]}
{[%emt 00:00:06]} Qb6 {[%clk 00:57:36]} {[%emt 00:00:09]} 63. Ka3 {[%clk
00:08:04]} {[%emt 00:00:07]} Qb5 {[%clk 00:58:00]} {[%emt 00:00:06]} 64. Ka2
{[%clk 00:08:22]} {[%emt 00:00:12]} Qb4 {[%clk 00:58:26]} {[%emt 00:00:05]} 65.
Ka1 {[%clk 00:08:41]} {[%emt 00:00:10]} Kc3 {[%clk 00:58:52]} {[%emt 00:00:04]}
66. Ka2 {[%clk 00:09:01]} {[%emt 00:00:10]} Qb2# {[%clk 00:59:18]} {[%emt
00:00:03]} 0-1

[Event "DEM U10 2021"]
[Site "Willingen GER"]
[Date "2021.08.28"]
[Round "10"]
[White "Teng, David"]
[Black "Bundan, Edward"]
[Result "1-0"]
[Termination "normal"]
[Board "9"]
[WhiteElo "1380"]
[BlackElo "1236"]
[WhiteClock "00:44:01"]
[BlackClock "00:23:46"]
[PlyCount "75"]
[WhiteFideId "34604570"]
[BlackFideId "34603042"]
[EventCountry "GER"]
[EventRounds "11"]
[EventType "swiss"]
[EventDate "2021.08.22"]

1. e4 {[%clk 01:15:58]} {[%emt 00:00:01]} c5 {[%clk 01:15:44]} {[%emt
00:00:15]} 2. Nf3 {[%clk 01:16:10]} {[%emt 00:00:18]} Nc6 {[%clk 01:15:38]}
{[%emt 00:00:37]} 3. d4 {[%clk 01:16:35]} {[%emt 00:00:05]} cxd4 {[%clk
01:15:56]} {[%emt 00:00:11]} 4. Nxd4 {[%clk 01:14:25]} {[%emt 00:02:40]} g6
{[%clk 01:15:42]} {[%emt 00:00:43]} 5. Nc3 {[%clk 01:13:26]} {[%emt 00:01:31]}
Bg7 {[%clk 01:15:51]} {[%emt 00:00:21]} 6. Be3 {[%clk 01:13:25]} {[%emt
00:00:31]} Nf6 {[%clk 01:15:00]} {[%emt 00:01:19]} 7. f3 {[%clk 01:13:25]}
{[%emt 00:00:31]} O-O {[%clk 01:15:04]} {[%emt 00:00:26]} 8. Qd2 {[%clk
01:13:00]} {[%emt 00:00:56]} d6 {[%clk 01:10:26]} {[%emt 00:05:07]} 9. h4
{[%clk 01:12:20]} {[%emt 00:01:11]} Qa5 {[%clk 01:08:28]} {[%emt 00:02:26]} 10.
Nb3 {[%clk 01:11:26]} {[%emt 00:01:26]} Qd8 {[%clk 01:05:53]} {[%emt 00:02:52]}
11. g4 {[%clk 01:10:35]} {[%emt 00:01:33]} Ne5 {[%clk 01:04:39]} {[%emt
00:01:43]} 12. Be2 {[%clk 01:08:33]} {[%emt 00:02:33]} Re8 {[%clk 01:00:10]}
{[%emt 00:04:57]} 13. h5 {[%emt 00:03:53]} a6 {[%clk 00:56:33]} {[%emt
00:00:48]} 14. hxg6 {[%clk 01:05:16]} {[%emt 00:03:45]} fxg6 {[%clk 00:56:18]}
{[%emt 00:00:44]} 15. O-O-O {[%clk 01:05:25]} {[%emt 00:00:22]} Be6 {[%clk
00:55:06]} {[%emt 00:01:39]} 16. Bh6 {[%clk 01:04:21]} {[%emt 00:01:37]} Bh8
{[%clk 00:50:39]} {[%emt 00:04:53]} 17. Nd5 {[%clk 00:59:28]} {[%emt 00:05:28]}
Bxd5 {[%clk 00:50:04]} {[%emt 00:01:04]} 18. exd5 {[%clk 00:59:45]} {[%emt
00:00:14]} Rc8 {[%clk 00:47:54]} {[%emt 00:02:35]} 19. f4 {[%emt 00:02:01]}
Nexg4 {[%clk 00:46:52]} {[%emt 00:01:04]} 20. Bxg4 {[%clk 00:58:32]} {[%emt
00:00:45]} Nxg4 {[%clk 00:46:33]} {[%emt 00:00:47]} 21. f5 {[%clk 00:58:47]}
{[%emt 00:00:17]} Ne5 {[%clk 00:42:20]} {[%emt 00:04:42]} 22. fxg6 {[%clk
00:58:54]} {[%emt 00:00:24]} Nxg6 {[%clk 00:42:02]} {[%emt 00:00:45]} 23. Qe2
{[%clk 00:57:25]} {[%emt 00:01:59]} Qd7 {[%clk 00:40:36]} {[%emt 00:01:51]} 24.
Rdf1 {[%clk 00:56:41]} {[%emt 00:01:22]} e6 {[%clk 00:39:06]} {[%emt 00:01:56]}
25. Qg4 {[%clk 00:53:54]} {[%emt 00:03:19]} Qc7 {[%clk 00:36:34]} {[%emt
00:03:01]} 26. Rh2 {[%clk 00:50:19]} {[%emt 00:04:07]} exd5 {[%clk 00:35:43]}
{[%emt 00:01:18]} 27. Rhf2 {[%clk 00:48:32]} {[%emt 00:02:13]} b5 {[%clk
00:31:53]} {[%emt 00:04:21]} 28. Qf5 {[%clk 00:46:11]} {[%emt 00:02:57]} Qe7
{[%clk 00:30:35]} {[%emt 00:01:39]} 29. Qxd5+ {[%clk 00:46:13]} {[%emt
00:00:37]} Qe6 {[%clk 00:28:54]} {[%emt 00:02:09]} 30. Rf8+ {[%clk 00:45:27]}
{[%emt 00:01:18]} Nxf8 {[%clk 00:28:58]} {[%emt 00:00:26]} 31. Rxf8+ {[%emt
00:02:00]} Rxf8 {[%clk 00:25:22]} {[%emt 00:04:04]} 32. Qxe6+ {[%clk 00:44:20]}
{[%emt 00:00:10]} Rf7 {[%clk 00:24:30]} {[%emt 00:01:21]} 33. Qxc8+ {[%clk
00:44:33]} {[%emt 00:00:17]} Rf8 {[%clk 00:23:22]} {[%emt 00:01:38]} 34. Qg4+
{[%clk 00:44:21]} {[%emt 00:00:42]} Kf7 {[%clk 00:23:18]} {[%emt 00:00:32]} 35.
Qd7+ {[%clk 00:43:54]} {[%emt 00:01:00]} Kg8 {[%clk 00:23:14]} {[%emt
00:00:26]} 36. Qe6+ {[%clk 00:43:25]} {[%emt 00:01:07]} Rf7 {[%clk 00:23:30]}
{[%emt 00:00:14]} 37. Qe8+ {[%clk 00:43:47]} {[%emt 00:00:07]} Rf8 {[%clk
00:23:46]} {[%emt 00:00:14]} 38. Qxf8# {[%clk 00:44:01]} {[%emt 00:00:16]} 1-0